Score 0/11 Timer 03:00
1 Play Today
Jumble Answer % Correct
EMGAGame
97.4%
ASHFLFlash
96.2%
KCTRITrick
96%
BLAETTable
94.4%
KSHRAShark
89.7%
SSSEINUBBusiness
84.2%
PORTREReport
66.3%
EDTIRCCredit
65.7%
Name in common with all the aboveCard
60.7%
NIBOGBingo
59.5%
NIGTREGEGreeting
52.6%

You're not logged in!

Compare scores with friends on all Sporcle quizzes.
OR
Log In

Sporcle TV

Today on Sporcle TV


Watch our educational content, quiz creation guides, and fun videos on Sporcle TV.

Show Comments

Extras

Top Quizzes Today


Score Distribution

Your Account Isn't Verified!

In order to create a playlist on Sporcle, you need to verify the email address you used during registration. Go to your Sporcle Settings to finish the process.

Report this User

Report this user for behavior that violates our Community Guidelines.

Details: